Quiz o stolicach Azji #2 - Statystyki

Ogólne statystyki
  • Ten quiz został rozwiązany 40 razy
    36 od ostatniego zresetowania
  • Średni wynik to 18 z 20
Statystyki odpowiedzi
Zagadnienie Odpowiedź % Poprawnych
Które miasto jest stolicą Tajlandii? Bangkok
100%
Które miasto jest stolicą Libanu? Bejrut
100%
Które miasto jest stolicą Wietnamu? Hanoi
100%
Które miasto jest stolicą Nepalu? Katmandu
100%
Które miasto jest stolicą Malezji? Kuala Lumpur
100%
Które miasto jest stolicą Malediw? Male
100%
Które miasto jest stolicą Mjanma? Naypyidaw
100%
Które miasto jest stolicą Korei Północnej? Pjongjang
100%
Które miasto jest stolicą Korei Południowej? Seul
100%
Które miasto jest stolicą Singapuru? Singapur
100%
Które miasto jest stolicą Mongolii? Ułan Bator
100%
Które miasto jest stolicą Zjednoczonych Emiratów Arabskich? Abu Zabi
83%
Które miasto jest stolicą Syrii? Damaszek
83%
Które miasto jest stolicą Tadżykistanu? Duszanbe
83%
Które miasto jest stolicą Pakistanu? Islamabad
83%
Które miasto jest stolicą Kuwejtu? Kuwejt
83%
Które miasto jest stolicą Turkmenistanu? Aszchabad
67%
Które miasto jest stolicą Kirgistanu? Biszkek
67%
Które miasto jest stolicą Laosu? Wientian
67%
Które miasto jest stolicą Uzbekistanu? Taszkent
50%
Nie znaleziono quizów pasujących do podanych kryteriów
Rozkład punktacji
Procent ludzi z każdym wynikiem
Percentyl według liczby udzielonych odpowiedzi
Twoja historia wyników
Nie rozwiązałeś tego quizu od ostatniego zresetowania